[Event "Mindsports Open 5th"]
[Site "London"]
[Date "2025.08.18"]
[Round "9.1"]
[White "Urkedal, Frode Olav Olsen"]
[Black "Janik, Igor"]
[Result "1/2-1/2"]
[WhiteElo "2558"]
[BlackElo "2519"]
[PlyCount "111"]
[EventDate "2025.08.13"]
[EventType "swiss"]
[EventRounds "9"]
[EventCountry "ENG"]
[SourceTitle "BritBase"]
[Source "John Saunders"]
[SourceDate "2025.08.18"]
[SourceVersion "1"]
[SourceVersionDate "2025.08.18"]
[SourceQuality "1"]

1. d4 Nf6 2. c4 e6 3. Nf3 b6 4. g3 Ba6 5. Nbd2 Bb4 6. Qc2 Bb7 7. Bg2 c5 8. O-O cxd4 9. Nxd4 Bxg2 10. Kxg2 Qc8 11. b3 Qb7+ 12. N4f3 O-O 13. Bb2 Be7 14. Rac1 Na6 15. Kg1 Rfd8 16. Ng5 Nb4 17. Qb1 h6 18. Bxf6 Bxf6 19. Qh7+ Kf8 20. Nge4 Nxa2 21. Rc2 Nb4 22. Nxf6 gxf6 23. Rc3 Ke7 24. Rf3 Rg8 25. Qxh6 Rg6 26. Qh4 Qc7 27. Ne4 Qe5 28. Rd1 d5 29. cxd5 Nxd5 30. Nc3 Nxc3 31. Qb4+ Qc5 32. Qxc5+ bxc5 33. Rxc3 Rg5 34. Rcd3 f5 35. Rd7+ Kf6 36. Rc7 Rb8 37. Rd3 Rg4 38. Rxa7 Rgb4 39. Rdd7 Rf8 40. Rdc7 Rxb3 41. Rxc5 Rb2 42. Kf1 Rd8 43. Rcc7 Rf8 44. f3 Rb1+ 45. Kf2 Rh1 46. Kg2 Re1 47. Ra2 Rb8 48. h4 Rbb1 49. Kf2 Rf1+ 50. Ke3 Rb3+ 51. Kd2 Rbxf3 52. Raa7 Rxg3 53. Rxf7+ Ke5 54. Ra5+ Kf4 55. Rf6 e5 56. e3+ 1/2-1/2

[Event "Mindsports Open 5th"]
[Site "London"]
[Date "2025.08.18"]
[Round "9.3"]
[White "Kovchan, Alexander"]
[Black "Clarke, Brandon G I"]
[Result "0-1"]
[WhiteElo "2450"]
[BlackElo "2491"]
[PlyCount "58"]
[EventDate "2025.08.13"]
[EventType "swiss"]
[EventRounds "9"]
[EventCountry "ENG"]
[SourceTitle "BritBase"]
[Source "John Saunders"]
[SourceDate "2025.08.18"]
[SourceVersion "1"]
[SourceVersionDate "2025.08.18"]
[SourceQuality "1"]

1. e4 c5 2. Nf3 d6 3. d4 cxd4 4. Nxd4 Nf6 5. Nc3 g6 6. g3 Nc6 7. Nxc6 bxc6 8. e5 dxe5 9. Qxd8+ Kxd8 10. Bg2 Kc7 11. Bd2 Bg7 12. h3 Be6 13. O-O-O a5 14. Rhe1 Nd5 15. Na4 Rhb8 16. c3 Nb6 17. Nc5 Bxa2 18. Bf4 Bd5 19. Rxe5 Bxe5 20. Bxe5+ Kc8 21. Bxd5 cxd5 22. Bxb8 Rxb8 23. f4 e6 24. Rd4 Nc4 25. Nd3 Kc7 26. Ne5 Nxb2 27. Nxf7 a4 28. Ng5 a3 29. Kb1 Na4+ 0-1

[Event "Mindsports Open 5th"]
[Site "London"]
[Date "2025.08.18"]
[Round "9.4"]
[White "Hauge, Lars Oskar"]
[Black "Feuerstack, Aljoscha"]
[Result "1/2-1/2"]
[WhiteElo "2460"]
[BlackElo "2449"]
[PlyCount "49"]
[EventDate "2025.08.13"]
[EventType "swiss"]
[EventRounds "9"]
[EventCountry "ENG"]
[SourceTitle "BritBase"]
[Source "John Saunders"]
[SourceDate "2025.08.18"]
[SourceVersion "1"]
[SourceVersionDate "2025.08.18"]
[SourceQuality "1"]

1. e4 c5 2. Nf3 e6 3. c3 d5 4. exd5 Qxd5 5. d4 Nf6 6. Na3 a6 7. Nc4 Nbd7 8. Be2 b5 9. Nfd2 Ra7 10. Bf3 Qf5 11. Ne3 Qf4 12. a4 cxd4 13. cxd4 Qb8 14. axb5 axb5 15. Rxa7 Qxa7 16. Qc2 Qb8 17. Nb3 Bb7 18. Bxb7 Qxb7 19. O-O Bb4 20. Nc5 Nxc5 21. dxc5 Qe4 22. Qe2 Qb7 23. Qc2 Qe4 24. Qe2 Qb7 25. Qc2 1/2-1/2

[Event "Mindsports Open 5th"]
[Site "London"]
[Date "2025.08.18"]
[Round "9.5"]
[White "Czopor, Maciej"]
[Black "Willow, Jonah B"]
[Result "1/2-1/2"]
[WhiteElo "2434"]
[BlackElo "2459"]
[PlyCount "37"]
[EventDate "2025.08.13"]
[EventType "swiss"]
[EventRounds "9"]
[EventCountry "ENG"]
[SourceTitle "BritBase"]
[Source "John Saunders"]
[SourceDate "2025.08.18"]
[SourceVersion "1"]
[SourceVersionDate "2025.08.18"]
[SourceQuality "1"]

1. e4 c5 2. Nf3 g6 3. Bc4 Bg7 4. O-O d6 5. Re1 Nc6 6. a4 Nf6 7. d3 O-O 8. c3 Bg4 9. Nbd2 Ne5 10. h3 Bh5 11. Qe2 Bh6 12. d4 cxd4 13. cxd4 Nxc4 14. Nxc4 Bxf3 15. Qxf3 Bxc1 16. Raxc1 d5 17. e5 dxc4 18. exf6 exf6 19. Qxb7 1/2-1/2

[Event "Mindsports Open 5th"]
[Site "London"]
[Date "2025.08.18"]
[Round "9.6"]
[White "Vandenbussche, Thibaut"]
[Black "Levin, Guy"]
[Result "0-1"]
[WhiteElo "2402"]
[BlackElo "2464"]
[PlyCount "240"]
[EventDate "2025.08.13"]
[EventType "swiss"]
[EventRounds "9"]
[EventCountry "ENG"]
[SourceTitle "BritBase"]
[Source "John Saunders"]
[SourceDate "2025.08.18"]
[SourceVersion "1"]
[SourceVersionDate "2025.08.18"]
[SourceQuality "1"]

1. e4 g6 2. d4 Bg7 3. Nf3 c6 4. Nc3 d5 5. h3 dxe4 6. Nxe4 Nf6 7. Nxf6+ exf6 8. Bd3 O-O 9. O-O a5 10. Bf4 Na6 11. a3 Nc7 12. Qd2 Be6 13. c4 b5 14. Rac1 bxc4 15. Bxc7 Qxc7 16. Bxc4 Rfd8 17. Bxe6 fxe6 18. Rc4 Rd6 19. Rfc1 Ra6 20. Qf4 Rb6 21. R1c2 Qd7 22. Rc5 Ra6 23. Qd2 Qa7 24. Qe2 Bf8 25. h4 a4 26. h5 Rb6 27. Qe4 Qf7 28. hxg6 Qxg6 29. Qxg6+ hxg6 30. Ra5 g5 31. Rxa4 Rb3 32. Ra7 Rd3 33. a4 g4 34. Nh4 R3xd4 35. Ng6 R6d5 36. Rxc6 Rg5 37. Nh4 g3 38. fxg3 Bc5 39. Rac7 Rd1+ 40. Kh2 Bd6 41. Rc8+ Kf7 42. Rc3 Rg4 43. R8c4 Bxg3+ 44. Kh3 Rg7 45. Rg4 Be5 46. Rxg7+ Kxg7 47. Re3 Rh1+ 48. Kg4 f5+ 49. Nxf5+ exf5+ 50. Kxf5 Bxb2 51. Re7+ Kh6 52. Re6+ Kh7 53. Re7+ Bg7 54. g4 Rf1+ 55. Kg5 Rc1 56. Kh5 Rc5+ 57. g5 Ra5 58. Re4 Bf6 59. Rg4 Be7 60. Rg2 Kg7 61. Rg4 Bd8 62. Rg2 Bf6 63. Rg4 Be7 64. Rg2 Rxa4 65. Re2 Bf8 66. Rb2 Re4 67. Rb5 Be7 68. Ra5 Re1 69. Rb5 Kf7 70. Rf5+ Kg7 71. Rb5 Rh1+ 72. Kg4 Kf7 73. Kf5 Rg1 74. Kf4 Bd6+ 75. Kf5 Rf1+ 76. Kg4 Kg6 77. Rd5 Rf4+ 78. Kh3 Be7 79. Kg3 Ra4 80. Kf3 Ra3+ 81. Kf4 Ra4+ 82. Kf3 Rb4 83. Ra5 Rc4 84. Rd5 Bxg5 85. Rd6+ Kh5 86. Rd3 Rf4+ 87. Kg3 Rf5 88. Rd4 Bf6 89. Re4 Be5+ 90. Kg2 Kg5 91. Ra4 Rf8 92. Re4 Kf5 93. Ra4 Rb8 94. Kf3 Rb3+ 95. Ke2 Bf4 96. Ra5+ Kg4 97. Ra8 Re3+ 98. Kd1 Rc3 99. Ke2 Kf5 100. Ra4 Be3 101. Ra8 Bd4 102. Re8 Be5 103. Kd2 Ra3 104. Kc2 Ke4 105. Rg8 Rc3+ 106. Kd2 Rc5 107. Re8 Rb5 108. Rc8 Rb6 109. Rc4+ Bd4 110. Rc8 Rh6 111. Re8+ Be5 112. Kc2 Rb6 113. Kc1 Rb5 114. Rc8 Kd3 115. Rd8+ Bd4 116. Rd7 Ra5 117. Rb7 Rh5 118. Kb1 Rh1+ 119. Ka2 Ra1+ 120. Kb3 Rb1+ 0-1

[Event "Mindsports Open 5th"]
[Site "London"]
[Date "2025.08.18"]
[Round "9.7"]
[White "Lohia, Sohum"]
[Black "Kiremitciyan, Ari"]
[Result "1-0"]
[WhiteElo "2387"]
[BlackElo "2271"]
[PlyCount "83"]
[EventDate "2025.08.13"]
[EventType "swiss"]
[EventRounds "9"]
[EventCountry "ENG"]
[SourceTitle "BritBase"]
[Source "John Saunders"]
[SourceDate "2025.08.18"]
[SourceVersion "1"]
[SourceVersionDate "2025.08.18"]
[SourceQuality "1"]

1. e4 e6 2. d4 d5 3. Nc3 Bb4 4. Nge2 dxe4 5. a3 Be7 6. Nxe4 Nc6 7. Be3 b6 8. Qd2 Bb7 9. O-O-O Qd7 10. N2c3 Nf6 11. Nxf6+ Bxf6 12. d5 Bxc3 13. Qxc3 exd5 14. Qxg7 O-O-O 15. Bd3 h5 16. Qf6 Kb8 17. Bf5 Qe7 18. Qxe7 Nxe7 19. Bh3 Bc8 20. Bxc8 Nxc8 21. Rhe1 c6 22. Bf4+ Kb7 23. Re5 Rd7 24. Rde1 Rh7 25. h4 c5 26. Re8 a5 27. a4 d4 28. b3 Nd6 29. R1e7 Rxe7 30. Rxe7+ Kc6 31. g3 b5 32. Ra7 Kb6 33. Ra8 Nb7 34. axb5 Kxb5 35. Rb8 Kc6 36. Kd2 Rg7 37. Rh8 c4 38. Rc8+ Kd5 39. bxc4+ Ke4 40. c5 Kd5 41. c6 Nc5 42. c7 1-0

[Event "Mindsports Open 5th"]
[Site "London"]
[Date "2025.08.18"]
[Round "9.8"]
[White "Badacsonyi, Stanley"]
[Black "Gasanov, Eldar"]
[Result "1-0"]
[WhiteElo "2309"]
[BlackElo "2471"]
[PlyCount "143"]
[EventDate "2025.08.13"]
[EventType "swiss"]
[EventRounds "9"]
[EventCountry "ENG"]
[SourceTitle "BritBase"]
[Source "John Saunders"]
[SourceDate "2025.08.18"]
[SourceVersion "1"]
[SourceVersionDate "2025.08.18"]
[SourceQuality "1"]

1. d4 Nf6 2. c4 e6 3. Nc3 Bb4 4. e3 O-O 5. Bd3 d5 6. Nf3 b6 7. cxd5 exd5 8. O-O Re8 9. Ne5 c5 10. Bd2 Ba6 11. Bxa6 Nxa6 12. Qa4 Qc8 13. a3 Bxc3 14. Bxc3 Ne4 15. Rfc1 Nc7 16. dxc5 bxc5 17. Nd3 Qf5 18. Qc2 Ne6 19. Be1 Rac8 20. f3 Nf6 21. Bf2 h6 22. Rd1 c4 23. Nb4 Qxc2 24. Nxc2 Nc5 25. Nb4 Red8 26. Bh4 g5 27. Be1 Nb3 28. Rab1 a5 29. Nc2 Kh7 30. Nd4 Nxd4 31. Rxd4 a4 32. Bc3 Kg6 33. Rbd1 Re8 34. Kf2 Re6 35. R4d2 Rb8 36. Re2 Rb5 37. Rd4 Rc6 38. h4 Kf5 39. g4+ Ke6 40. Kg3 Rc8 41. Rd1 Rg8 42. Rh1 Rbb8 43. hxg5 hxg5 44. Rh6 Rg6 45. Rhh2 Rgg8 46. Bd4 Rbc8 47. Bc3 Rb8 48. Rd2 Rbe8 49. Rd1 Re7 50. Rhd2 Rb8 51. Rd4 Rd7 52. Rh1 Rg8 53. Rh6 Rg6 54. Rh1 Rg8 55. Re1 Rc7 56. Rd2 Rb8 57. Rh2 Rg8 58. Rh6 Rg6 59. Rh8 Ra7 60. Rd8 Ra6 61. Rd1 Ke7 62. Rb8 Nd7 63. Bb4+ Kf6 64. Re8 Re6 65. Bc3+ Ne5 66. Rd8 Ke7 67. R1xd5 f6 68. Ra8 Kf7 69. Ra7+ Re7 70. Rxe7+ Kxe7 71. Bxe5 fxe5 72. Rxe5+ 1-0

[Event "Mindsports Open 5th"]
[Site "London"]
[Date "2025.08.18"]
[Round "9.9"]
[White "Storme, Isak"]
[Black "Bracker, Frank"]
[Result "1-0"]
[WhiteElo "2452"]
[BlackElo "2301"]
[PlyCount "89"]
[EventDate "2025.08.13"]
[EventType "swiss"]
[EventRounds "9"]
[EventCountry "ENG"]
[SourceTitle "BritBase"]
[Source "John Saunders"]
[SourceDate "2025.08.18"]
[SourceVersion "1"]
[SourceVersionDate "2025.08.18"]
[SourceQuality "1"]

1. d4 Nf6 2. c4 e6 3. Nf3 b6 4. g3 Ba6 5. Nbd2 d5 6. Bg2 Be7 7. O-O O-O 8. cxd5 exd5 9. Ne5 Re8 10. Nb1 Bb7 11. Nc3 h6 12. Qb3 c6 13. e4 Na6 14. Be3 Bd6 15. exd5 cxd5 16. Rfd1 Nc7 17. f4 Qe7 18. Rac1 Rad8 19. Kh1 Qe6 20. Re1 Ne4 21. Bg1 f6 22. f5 Nd2 23. Qc2 Qc8 24. Qxd2 fxe5 25. Nb5 e4 26. Be3 a6 27. Nxd6 Rxd6 28. Bf4 Rc6 29. Rxc6 Bxc6 30. Rc1 Nb5 31. Be5 Qd7 32. Qf4 Rf8 33. Qg4 Na7 34. Qg6 Rf7 35. Bh3 e3 36. Bg4 Bb5 37. f6 Bd3 38. Bxd7 Bxg6 39. Be6 gxf6 40. Bxf6 e2 41. Kg2 Bf5 42. Bxf7+ Kxf7 43. Be5 Nc6 44. Kf2 Nxe5 45. dxe5 1-0

[Event "Mindsports Open 5th"]
[Site "London"]
[Date "2025.08.18"]
[Round "9.10"]
[White "Li, Wenxiang"]
[Black "Badacsonyi, Frankie"]
[Result "1/2-1/2"]
[WhiteElo "2395"]
[BlackElo "2193"]
[PlyCount "76"]
[EventDate "2025.08.13"]
[EventType "swiss"]
[EventRounds "9"]
[EventCountry "ENG"]
[SourceTitle "BritBase"]
[Source "John Saunders"]
[SourceDate "2025.08.18"]
[SourceVersion "1"]
[SourceVersionDate "2025.08.18"]
[SourceQuality "1"]

1. d4 d5 2. c4 e6 3. Nc3 Nf6 4. cxd5 exd5 5. Bg5 Be6 6. e3 Nbd7 7. Bd3 c6 8. Nge2 h6 9. Bh4 g5 10. Bg3 Nh5 11. Qc2 Nxg3 12. hxg3 Qf6 13. f3 O-O-O 14. O-O-O Kb8 15. e4 dxe4 16. fxe4 Nb6 17. Rhf1 Qe7 18. e5 c5 19. Bf5 cxd4 20. Nxd4 Bg7 21. Qe4 Bc4 22. Rfe1 Rhe8 23. Nf3 Qc5 24. Rxd8+ Rxd8 25. Qe3 Qa5 26. a3 Nd5 27. Nxd5 Qxd5 28. Qd2 Qxd2+ 29. Nxd2 Bd5 30. Nf3 Re8 31. g4 Bxf3 32. gxf3 Bxe5 33. Kc2 Re7 34. Kb3 a6 35. Rd1 Kc7 36. Rc1+ Kb6 37. Rd1 Bc7 38. Be4 Bf4 1/2-1/2

[Event "Mindsports Open 5th"]
[Site "London"]
[Date "2025.08.18"]
[Round "9.11"]
[White "Balaji, Aaravamudhan"]
[Black "Kapechun, Mikhailo"]
[Result "0-1"]
[WhiteElo "2394"]
[BlackElo "1985"]
[PlyCount "54"]
[EventDate "2025.08.13"]
[EventType "swiss"]
[EventRounds "9"]
[EventCountry "ENG"]
[SourceTitle "BritBase"]
[Source "John Saunders"]
[SourceDate "2025.08.18"]
[SourceVersion "1"]
[SourceVersionDate "2025.08.18"]
[SourceQuality "1"]

1. d4 Nf6 2. c4 e6 3. Nc3 Bb4 4. a3 Bxc3+ 5. bxc3 b6 6. e3 c5 7. Bd3 Nc6 8. Ne2 O-O 9. e4 e5 10. O-O Re8 11. Bg5 h6 12. Bh4 g5 13. f4 gxh4 14. fxe5 Nxe5 15. dxe5 Rxe5 16. Qd2 d6 17. Qf4 Kg7 18. Rf2 Be6 19. Raf1 Nh5 20. Qf3 Qg5 21. Nd4 cxd4 22. cxd4 Rf8 23. dxe5 Bg4 24. Qxf7+ Rxf7 25. Rxf7+ Kg6 26. e6 Qe3+ 27. Kh1 Qxd3 0-1

[Event "Mindsports Open 5th"]
[Site "London"]
[Date "2025.08.18"]
[Round "9.12"]
[White "Hobson, Kenneth"]
[Black "Deepak Ambattu, Rithvik"]
[Result "0-1"]
[WhiteElo "2361"]
[BlackElo "1990"]
[PlyCount "52"]
[EventDate "2025.08.13"]
[EventType "swiss"]
[EventRounds "9"]
[EventCountry "ENG"]
[SourceTitle "BritBase"]
[Source "John Saunders"]
[SourceDate "2025.08.18"]
[SourceVersion "1"]
[SourceVersionDate "2025.08.18"]
[SourceQuality "1"]

1. e4 c5 2. Nf3 d6 3. Bb5+ Bd7 4. Bxd7+ Qxd7 5. O-O Nf6 6. e5 dxe5 7. Nxe5 Qc7 8. d4 e6 9. Bf4 Bd6 10. Na3 a6 11. Nac4 Bxe5 12. Bxe5 Qc6 13. Nd6+ Kf8 14. dxc5 Nbd7 15. Bxf6 gxf6 16. Qh5 Ne5 17. Rfe1 Rg8 18. g3 Rg5 19. Qh6+ Ke7 20. Re3 Nf3+ 21. Kf1 Nd2+ 22. Kg1 Nf3+ 23. Kf1 Nd4 24. Ne4 Rg6 25. Qf4 e5 26. Qh4 Nf5 0-1

[Event "Mindsports Open 5th"]
[Site "London"]
[Date "2025.08.18"]
[Round "9.13"]
[White "Sanitt, Ethan"]
[Black "Radeva, Viktoria"]
[Result "0-1"]
[WhiteElo "2033"]
[BlackElo "2317"]
[PlyCount "80"]
[EventDate "2025.08.13"]
[EventType "swiss"]
[EventRounds "9"]
[EventCountry "ENG"]
[SourceTitle "BritBase"]
[Source "John Saunders"]
[SourceDate "2025.08.18"]
[SourceVersion "1"]
[SourceVersionDate "2025.08.18"]
[SourceQuality "1"]

1. c4 e6 2. g3 d5 3. Bg2 d4 4. Nf3 c5 5. e3 Nc6 6. exd4 cxd4 7. d3 h6 8. O-O Nf6 9. Re1 Bd6 10. Nbd2 O-O 11. Ne4 Nxe4 12. Rxe4 e5 13. b4 Bf5 14. Re2 Nxb4 15. Nxe5 Qc7 16. a3 Na6 17. Nf3 Nc5 18. Rd2 Ne6 19. Bb2 Bc5 20. Qb3 Rab8 21. a4 a5 22. Re2 Bg4 23. h3 Bh5 24. h4 Rbd8 25. Ba3 b6 26. Rae1 Qd6 27. Bxc5 Nxc5 28. Qd1 Qf6 29. Re5 Bg4 30. R5e4 Nxe4 31. Rxe4 Bxf3 32. Bxf3 Rfe8 33. Rf4 Qe5 34. Qb3 Qc5 35. Bd5 Re7 36. Rf5 Qb4 37. Qxb4 axb4 38. Bc6 Rc8 39. Bf3 Rc5 40. Rf4 b3 0-1

[Event "Mindsports Open 5th"]
[Site "London"]
[Date "2025.08.18"]
[Round "9.14"]
[White "Steiners, Emils"]
[Black "Gombocz, Ferenc Jr"]
[Result "1/2-1/2"]
[WhiteElo "1934"]
[BlackElo "2315"]
[PlyCount "95"]
[EventDate "2025.08.13"]
[EventType "swiss"]
[EventRounds "9"]
[EventCountry "ENG"]
[SourceTitle "BritBase"]
[Source "John Saunders"]
[SourceDate "2025.08.18"]
[SourceVersion "1"]
[SourceVersionDate "2025.08.18"]
[SourceQuality "1"]

1. d4 d5 2. c4 e6 3. Nc3 Nf6 4. cxd5 exd5 5. Bg5 c6 6. e3 h6 7. Bh4 Be7 8. Qc2 O-O 9. Bd3 Ne8 10. Bxe7 Qxe7 11. Nf3 Nd7 12. O-O Nd6 13. e4 Nxe4 14. Nxe4 dxe4 15. Bxe4 Nf6 16. Bf5 Bxf5 17. Qxf5 Rfe8 18. Rfe1 Qd7 19. Qf4 Nd5 20. Qd2 Qf5 21. Re5 Rxe5 22. dxe5 Nf4 23. g3 Ne6 24. Qe2 Rd8 25. Rd1 Rxd1+ 26. Qxd1 Qe4 27. h4 c5 28. Qb3 Nd4 29. Nxd4 cxd4 30. Qb5 d3 31. Qd7 Kh7 32. h5 Qf3 33. a4 a5 34. Qd4 Qd1+ 35. Kg2 Qc2 36. Qe4+ Kh8 37. Qf5 Qc6+ 38. Kh2 Qc2 39. Qxf7 d2 40. e6 d1=Q 41. e7 Qde2 42. e8=Q+ Qxe8 43. Qxe8+ Kh7 44. Kg2 Qxb2 45. Qe4+ Kh8 46. Qe8+ Kh7 47. Qe4+ Kh8 48. Qe8+ 1/2-1/2

[Event "Mindsports Open 5th"]
[Site "London"]
[Date "2025.08.18"]
[Round "9.15"]
[White "Zakarian, Dimitrios Levon"]
[Black "Fitzsimons, David"]
[Result "0-1"]
[WhiteElo "2079"]
[BlackElo "2308"]
[PlyCount "98"]
[EventDate "2025.08.13"]
[EventType "swiss"]
[EventRounds "9"]
[EventCountry "ENG"]
[SourceTitle "BritBase"]
[Source "John Saunders"]
[SourceDate "2025.08.18"]
[SourceVersion "1"]
[SourceVersionDate "2025.08.18"]
[SourceQuality "1"]

1. d4 Nf6 2. c4 g6 3. Nf3 Bg7 4. g3 d6 5. Bg2 Bf5 6. O-O O-O 7. Nc3 Ne4 8. Nh4 Nxc3 9. bxc3 Bc8 10. e4 c5 11. Be3 Nc6 12. dxc5 dxc5 13. Bxc5 Bxc3 14. Rc1 Bf6 15. Qxd8 Rxd8 16. f4 Bd4+ 17. Bxd4 Rxd4 18. f5 Bd7 19. Rfd1 Rc8 20. Nf3 Rxd1+ 21. Rxd1 Rc7 22. g4 b6 23. g5 Kg7 24. Bh3 Bc8 25. f6+ exf6 26. gxf6+ Kxf6 27. Bxc8 Rxc8 28. Rd7 h6 29. Kf2 Ke6 30. Rb7 Na5 31. Rxa7 Rxc4 32. Ra6 Rb4 33. Ke3 Nc6 34. Ra8 Rb2 35. h4 h5 36. Ng5+ Ke7 37. Rc8 Ne5 38. Rc7+ Kd6 39. Ra7 f6 40. Nf7+ Nxf7 41. Rxf7 Ke6 42. Rb7 b5 43. a3 Rb3+ 44. Kf4 Rh3 45. Rb6+ Kf7 46. e5 Rxh4+ 47. Kg3 Rg4+ 48. Kf3 fxe5 49. Rxb5 Kf6 0-1

[Event "Mindsports Open 5th"]
[Site "London"]
[Date "2025.08.18"]
[Round "9.16"]
[White "San Emeterio Cabanes, Jose L"]
[Black "Hoffman, Luc"]
[Result "1/2-1/2"]
[WhiteElo "2303"]
[BlackElo "2123"]
[PlyCount "28"]
[EventDate "2025.08.13"]
[EventType "swiss"]
[EventRounds "9"]
[EventCountry "ENG"]
[SourceTitle "BritBase"]
[Source "John Saunders"]
[SourceDate "2025.08.18"]
[SourceVersion "1"]
[SourceVersionDate "2025.08.18"]
[SourceQuality "1"]

1. d4 d5 2. Nf3 e6 3. g3 b6 4. Bg2 Bb7 5. O-O Nd7 6. b3 Ngf6 7. c4 dxc4 8. bxc4 c5 9. e3 Rc8 10. Nbd2 Be7 11. Bb2 O-O 12. Qb3 Qc7 13. Rac1 Rfd8 14. Rfd1 Qb8 1/2-1/2

[Event "Mindsports Open 5th"]
[Site "London"]
[Date "2025.08.18"]
[Round "9.17"]
[White "Lilliehook, Victor"]
[Black "Antolak, Julia"]
[Result "0-1"]
[WhiteElo "2106"]
[BlackElo "2280"]
[PlyCount "136"]
[EventDate "2025.08.13"]
[EventType "swiss"]
[EventRounds "9"]
[EventCountry "ENG"]
[SourceTitle "BritBase"]
[Source "John Saunders"]
[SourceDate "2025.08.18"]
[SourceVersion "1"]
[SourceVersionDate "2025.08.18"]
[SourceQuality "1"]

1. e4 e6 2. d3 d5 3. Nd2 c5 4. Ngf3 Nc6 5. g3 Nge7 6. Bg2 g6 7. O-O Bg7 8. Re1 O-O 9. c3 a5 10. h4 h6 11. e5 a4 12. a3 b5 13. Nf1 Bb7 14. Bf4 Na5 15. N1h2 Nb3 16. Rb1 d4 17. cxd4 Nd5 18. dxc5 Nxf4 19. gxf4 Nxc5 20. d4 Nb3 21. Qd3 Qb6 22. Nd2 Bxg2 23. Nxb3 Bd5 24. Nc5 Rfd8 25. Rbd1 h5 26. Nf1 Bc4 27. Qe3 Bf8 28. Ne4 Be7 29. Nf6+ Bxf6 30. exf6 Bxf1 31. f5 exf5 32. Kxf1 Qxf6 33. Qf4 Rac8 34. Rd2 Rc4 35. Red1 Qc6 36. Kg1 Re8 37. f3 Qd5 38. Kf2 b4 39. Rd3 bxa3 40. bxa3 Rec8 41. R1d2 Rc1 42. Rd1 Rxd1 43. Rxd1 Qa2+ 44. Rd2 Qxa3 45. d5 Qc5+ 46. Kg2 a3 47. d6 Rd8 48. d7 Qa5 49. Rd1 a2 50. Qd4 Qc7 51. Qb2 Rxd7 52. Rxd7 Qxd7 53. Qxa2 Qd4 54. Kh3 Qg1 55. Qa8+ Kg7 56. Qb8 Qe3 57. Kg2 f4 58. Qb2+ Kh7 59. Qf6 Qe2+ 60. Kg1 Qe1+ 61. Kg2 Qg3+ 62. Kh1 Qxf3+ 63. Kh2 Qe2+ 64. Kg1 Qe3+ 65. Kh2 Kg8 66. Qg5 Qg3+ 67. Qxg3 fxg3+ 68. Kxg3 Kg7 0-1

[Event "Mindsports Open 5th"]
[Site "London"]
[Date "2025.08.18"]
[Round "9.18"]
[White "Terler, Bohdan"]
[Black "Zheng, Harry Z"]
[Result "0-1"]
[WhiteElo "1974"]
[BlackElo "2191"]
[PlyCount "92"]
[EventDate "2025.08.13"]
[EventType "swiss"]
[EventRounds "9"]
[EventCountry "ENG"]
[SourceTitle "BritBase"]
[Source "John Saunders"]
[SourceDate "2025.08.18"]
[SourceVersion "1"]
[SourceVersionDate "2025.08.18"]
[SourceQuality "1"]

1. e4 e5 2. Nf3 Nc6 3. Nc3 Nf6 4. d4 exd4 5. Nxd4 Bb4 6. Nxc6 bxc6 7. Bd3 d5 8. Bd2 O-O 9. O-O Rb8 10. Re1 Ng4 11. h3 Ne5 12. exd5 Nxd3 13. cxd3 cxd5 14. Qc2 Be6 15. Na4 Bd6 16. b3 Qh4 17. f4 Qg3 18. d4 Bxh3 19. Be3 Bb4 20. Qf2 Bxe1 21. Rxe1 Qg6 22. Qf3 Bf5 23. Nc5 Be4 24. Qh3 Rfe8 25. Kf2 h5 26. Qg3 Qxg3+ 27. Kxg3 Re7 28. Bd2 Rbe8 29. Bb4 Bf5 30. Re5 Rxe5 31. fxe5 f6 32. Kf4 Bb1 33. Bc3 fxe5+ 34. dxe5 Rf8+ 35. Ke3 Bxa2 36. Kd4 c6 37. e6 Rf2 38. Ke5 Rxg2 39. Kd6 Re2 40. Nd7 Bxb3 41. Bd4 c5 42. Nxc5 Bc4 43. Nd7 h4 44. Ne5 h3 45. Kc6 a6 46. e7 Bb5+ 0-1

[Event "Mindsports Open 5th"]
[Site "London"]
[Date "2025.08.18"]
[Round "9.19"]
[White "Hng, Mei-En Emmanuelle"]
[Black "Pal, Rohan"]
[Result "1/2-1/2"]
[WhiteElo "2132"]
[BlackElo "1909"]
[PlyCount "28"]
[EventDate "2025.08.13"]
[EventType "swiss"]
[EventRounds "9"]
[EventCountry "ENG"]
[SourceTitle "BritBase"]
[Source "John Saunders"]
[SourceDate "2025.08.18"]
[SourceVersion "1"]
[SourceVersionDate "2025.08.18"]
[SourceQuality "1"]

1. e4 c5 2. d4 cxd4 3. c3 dxc3 4. Nxc3 Nc6 5. Bc4 e6 6. Nf3 d6 7. O-O Be7 8. Qe2 Bd7 9. Rd1 a6 10. Bf4 e5 11. Be3 Nf6 12. h3 O-O 13. a3 Rc8 14. Rac1 b5 1/2-1/2

[Event "Mindsports Open 5th"]
[Site "London"]
[Date "2025.08.18"]
[Round "9.20"]
[White "Avadhoot, Lokesh Bhakti Brahm"]
[Black "Sofronie, Iulian"]
[Result "0-1"]
[WhiteElo "2048"]
[BlackElo "2372"]
[PlyCount "164"]
[EventDate "2025.08.13"]
[EventType "swiss"]
[EventRounds "9"]
[EventCountry "ENG"]
[SourceTitle "BritBase"]
[Source "John Saunders"]
[SourceDate "2025.08.18"]
[SourceVersion "1"]
[SourceVersionDate "2025.08.18"]
[SourceQuality "1"]

1. e4 e5 2. Nf3 Nc6 3. Bb5 a6 4. Ba4 Nf6 5. O-O b5 6. Bb3 Bc5 7. Nxe5 Nxe5 8. d4 Bxd4 9. Qxd4 d6 10. f4 c5 11. Qd1 c4 12. fxe5 Qb6+ 13. Kh1 dxe5 14. Bxc4 bxc4 15. Nc3 Bb7 16. Qe1 O-O 17. Bg5 Nd7 18. Rd1 Qe6 19. Nd5 Bxd5 20. exd5 Qd6 21. Qe4 Rac8 22. b3 Qg6 23. Qxg6 hxg6 24. Be7 Rfe8 25. d6 f6 26. b4 Kf7 27. Rd5 Rb8 28. c3 Rb5 29. Rd2 Ke6 30. a4 Rd5 31. Rfd1 Rxd2 32. Rxd2 Rb8 33. Kg1 Rb7 34. Bd8 f5 35. a5 Rb5 36. Bc7 Rd5 37. Rxd5 Kxd5 38. Kf2 Kc6 39. Ke2 Nf6 40. Kd2 g5 41. h3 f4 42. Kd1 e4 43. Bb8 e3 44. Ba7 Kxd6 45. Bd4 Ne8 46. Ke2 g6 47. Kf3 Nc7 48. Bf6 Ne6 49. Ke2 Kc6 50. Kf3 Kd5 51. Be7 Kc6 52. Bf6 Kb5 53. Be5 Ka4 54. Ke2 Kb5 55. Bf6 Nc7 56. Bd4 Kc6 57. Kf3 Nd5 58. Ke2 Kb5 59. Kd1 Ka4 60. Kc2 Nc7 61. Bf6 Ne6 62. Be5 Kb5 63. Kd1 Kc6 64. Ke2 Kd5 65. Bf6 Ke4 66. Be7 Nc7 67. Bf6 Kf5 68. Bd4 g4 69. hxg4+ Kxg4 70. Bxe3 fxe3 71. Kxe3 Kg3 72. Kd4 Kxg2 73. Kxc4 g5 74. Kc5 g4 75. Kc6 Kf3 76. Kxc7 g3 77. b5 g2 78. b6 g1=Q 79. b7 Qc5+ 80. Kd7 Qf5+ 81. Kd8 Qxa5+ 82. Kc8 Qxc3+ 0-1